|
|
|
|
| LEADER |
00000cam a2200000 7i4500 |
| 001 |
0000006820 |
| 005 |
20151222.0 |
| 008 |
070821 |
| 020 |
|
|
|a 9838805904(set)
|
| 020 |
|
|
|a 9838805947
|
| 090 |
0 |
0 |
|a JF
|b NS MAL (6453)
|
| 100 |
0 |
|
|a Ws.Uzala
|
| 245 |
1 |
0 |
|a Bagaikan dagu melebihi hidung :
|b Orang yang melampau, tak tahu diri
|c Oleh Ws.Uzala
|
| 260 |
|
|
|a Selangor :
|b Eddiplex Sdn Bhd ,
|c 2004
|
| 440 |
|
|
|a Siri terbaru kata peribahasa
|
| 500 |
|
|
|a Children ages 7-9 years old (orange)
|
| 650 |
|
0 |
|a Rhymes
|x Juvenile literature
|
| 999 |
|
|
|a 0000987172
|b Book
|c Children Collection
|e Cawangan Bukit Gambir
|
| 999 |
|
|
|a 0000987173
|b Book
|c Children Collection
|e Cawangan Segamat
|
| 999 |
|
|
|a 0000987175
|b Book
|c Children Collection
|e Perbadanan Perpustakaan Awam Johor
|
| 999 |
|
|
|a 0000987176
|b Book
|c Children Collection
|e Perbadanan Perpustakaan Awam Johor
|
| 999 |
|
|
|a 0001052703
|b Book
|c Children Collection
|e Cawangan Tmn. Ungku Tun Aminah
|
| 999 |
|
|
|a 0001052704
|b Book
|c Adult Collection
|e Cawangan Kota Tinggi
|